[Event "CAN-ch zt"]
[Site "Richmond"]
[Date "2002.03.26"]
[Round "6"]
[White "Charbonneau, Pascal"]
[Black "Hebert, Jean"]
[Result "0-1"]
[WhiteElo "2386"]
[BlackElo "2398"]
[Annotator "Hebert,J"]
[PlyCount "134"]
[EventDate "2002.03.21"]
[EventType "swiss"]
[EventRounds "11"]
[EventCountry "CAN"]
[SourceTitle "CBM 088"]
[Source "ChessBase"]
[SourceDate "2002.03.21"]
[SourceVersion "1"]
[SourceVersionDate "2002.03.21"]
[SourceQuality "1"]

1. e4 g6 {This looked like a good choice against an aggressive and
theoretically well prepared opponent. In Modern or Pirc setups, knowledge of
concrete lines is much less important than strategic understanding.} 2. d4 Bg7
({I have also often played other second moves to avoid committing my dark
squared bishop too early. The fact that this bishop doesn't always belong on
the fianchetto square can be illustrated easily enough with a line like} 2...
c6 3. f4 $6 d5 4. e5 h5 {when the bishop is far more useful on the a3-f8
diagonal to support the central break ...c5.}) 3. Nc3 d6 4. Be3 {A flexible
move. White can now prepare queenside castling with Qd2 followed by a kingside
offensive with h4, or he can simply continue with the development of his
kingside minor pieces if he so wishes.} Nf6 ({Played with a specific idea in
mind, as otherwise I would have played the routine} 4... c6 {followed by ...b5.
}) 5. Nf3 ({Here} 5. f3 {to rule out ...Ng4 looks more natural.}) 5... O-O 6.
Qd2 {White clearly aims to quickly exchange dark squared bishop with Bh6 next,
but although the system has been played frequently by no less than GM Michael
Adams I find the whole thing a bit too straightforward to cause Black real
problems.} a6 $1 {Black probably has a dozen reasonable moves from this
position, which proves once more how important undestanding is in such
positions compared to knowledge of specific variations. The main thing is to
come up with a plan of development that will create sufficient counterplay.
Compared to the more common 6...c6 the text has several serious advantages:
Black's B/b7 attacks pawn/e4 directly, and square/c6 remains free for the
knight to pressurize the other central pawn. Note that if White had played 5.
f3 instead of 5.Nf3 then 6...a6 would be rather pointless because pawn/e4
would be securely defended.} 7. Bd3 ({Pascal follows his intended setup
without noticing the peculiarities of the position. He would have been better
off with} 7. Bh6 Bg4 8. O-O-O Bxf3 9. gxf3 Nbd7 10. Bxg7 Kxg7 11. f4 {when
White appears to have good prospects on the kingside, but Black's solid game
was certainly not without counterchances in Adams-Svidler, Groningen 1995.}) ({
Black also had little to fear after} 7. a4 b6 8. Bh6 Bb7 9. Bd3 Nbd7 10. O-O e6
11. Bxg7 Kxg7 12. Rfe1 c5 {in the game Gallagher-Van Wely, Krumbach 1991.})
7... Bg4 {The most logical reply now that pawn/e4 has been secured. The idea
is to spoil White's pawn structure and put pressure on pawn/d4 with ...Nc6.} ({
Also possible is} 7... b5 8. a4 b4 9. Ne2 a5 10. Ng3 Ng4 11. Bg5 f6 12. Bf4 e5
13. dxe5 dxe5 14. Bc4+ Kh8 15. Qxd8 Rxd8 16. Bd2 {with no apparent edge for
White in the game Fontaine-Beim, DE 2001.}) 8. Bh6 $6 {This typical maneuver
appears unsatisfactory here because Black is able to play ...Nc6 with strong
pressure on pawn/d4.} ({Black's game also looks quite pleasant after} 8. O-O-O
e5 9. d5 Bxf3 10. gxf3 Nh5 {when the bishop pair was meek compensation for
White's inferior pawn structure in Carlier-Gurevich, Cappelle la Grande 1995.})
({Perhaps the retreat} 8. Be2 {is safest, and White retains a small space
advantage after} Nc6 (8... b5 $6 9. a3) 9. d5 Bxf3 10. Bxf3 Ne5 11. Be2) 8...
Nc6 ({Also possible is} 8... Bxf3 9. Bxg7 Kxg7 10. gxf3 Nc6) 9. Bxg7 Kxg7 10.
d5 $2 ({A positionnally undesirable move that leads to a difficult game. It
was still not too late to bail out of the worst with} 10. Be2 {even though it
is quite clear that} Bxf3 ({or} 10... e5) 11. Bxf3 e5 {gives Black an easy
game.}) 10... Bxf3 $1 11. dxc6 Bxg2 12. Rg1 ({Black had to see earlier that
his adventurous bishop does not get into trouble after} 12. cxb7 Bxh1 13.
bxa8=Q Qxa8 14. Qe2 Bg2 15. f4 Bh3) 12... Bh3 13. cxb7 Rb8 14. Bxa6 {White's
extra pawn is only a temporary luxury. After it falls, White has to cope with
his opponent's superior pawn structure and active heavy pieces on the
queenside where White's king is likely to seek shelter.} c6 15. Qe3 ({During
the game I momentarily feared} 15. e5 {but realized quickly that White's
problems have magnified after} dxe5 16. Qxd8 Rfxd8) 15... Qa5 16. Bc4 ({
Trying to hold on to pawn/b7 with} 16. Qd3 Be6 17. Rg3 Nd7 {does not solve
White's problems.}) 16... Be6 $1 17. Bxe6 fxe6 {The bishop exchange has
activated Black's R/f8 and supplied the second player with a useful pawn mass
in the center.} 18. f4 {With his game already on the critical list, Pascal
goes for complications.} Rxb7 19. O-O-O Nh5 $6 ({More precise is to force a
weakening of the pawn structure surrounding White's king with} 19... Qb4 $1 20.
b3 Nh5 21. Ne2 ({the ending after} 21. Rdf1 Nxf4 22. Rxf4 Rxf4 23. Qxf4 Qxc3
24. Rf1 Qf6 {is very pleasant for Black}) 21... Qa3+ 22. Kd2 $1 Qa5+ ({but not
} 22... Qxa2 $4 23. Qc3+ {followed by 24.Ra1 to trap Black's queen}) 23. Qc3+
Qxc3+ 24. Kxc3 Nxf4 25. Nxf4 Rxf4 26. e5 $1 d5 {and despite White's Fritz-like
ingenuity, Black maintains a serious advantage.}) 20. Rdf1 Qb4 21. Nd1 Nf6 22.
Re1 ({After} 22. f5 Nxe4 23. fxe6 Rbb8 {Fritz claims approximate equality, and
it is only after a further} 24. Rxf8 Rxf8 25. Rg4 d5 26. Rh4 h5 27. Rf4 Rf6 28.
Rxf6 Kxf6 {that he admits his earlier poor positional judgment.}) 22... d5 {[#]
} 23. f5 $2 ({Things have seemingly gone so wrong for White that Pascal is in
no mood to conceive of a way to survive by means of normal moves. Far more
sensible than giving up a pawn is} 23. exd5 $1 cxd5 ({White also has
counterplay after} 23... exd5 24. f5 Ne4 25. fxg6 hxg6 26. h4) 24. a3 Qa4 25.
Qe5 {when White's dominant queen makes the position difficult to assess.})
23... Nxe4 24. fxg6 h6 $1 ({I am still not completely sure if Black's cautious
approach in the game is correct, but it seems that} 24... hxg6 25. h4 Rf5 26.
Rg4 {gives White adequate counterplay after} Qa5 27. a3 ({but not} 27. Reg1 $2
Qxa2 28. Rxg6+ Kf7 29. Qa3 Qxa3 30. bxa3 Rf3) 27... Rf3 28. Rxg6+ $3 Kxg6 29.
Rg1+ Rg3 30. Rxg3+ Nxg3 31. Qxg3+ Kf7 32. h5 {and Black's king is in danger.})
25. Ref1 Rf6 {With his king completely safe, plus an impressive central pawn
mass and a dominant knight in his favor, Black's positional advantage is huge.}
26. Rf4 Qb6 {Probably a wise decision, since 27.Rh4 could have been bothersome.
} 27. Qxb6 Rxb6 28. Rfg4 h5 29. R4g2 Ra6 $1 {Just a little move to make sure
that White's a/pawn does not get to square/a4 any time soon.} 30. a3 c5 {
Black plans to provoke his opponent into playing c3 after ...c4 when White's
queenside pawn structure is completely fixed.} 31. c4 d4 $2 {Black's worst
move of the game, probably provoked by the urge to go forward in a superior
position. To be honest, I did not fully realize the consequences of this move
other than contemplating the poor state of White's N/d1.} ({Correct instead is
to force White to undouble my pawns with} 31... Ra4 $1 32. cxd5 exd5 {and
Black is now blessed with two connected passers along with his other trumps.})
32. Re2 Nd6 33. Re5 Rc6 34. Rgg5 $2 ({Pascal, sometimes a defensive move is
good! Instead} 34. b3 $1 {gives White the advantage after} Rxg6 (34... h4 35.
Kc2 Rxg6 36. Rxg6+ Kxg6 37. Rxe6+ Kf7 38. Rh6 Ra6 39. a4) 35. Rxg6+ Kxg6 36.
Nf2 $1) 34... Nxc4 35. Rxc5 e5 $1 {Thanks to this elegant tactical move Black
regains his advantage.} 36. Rxc6 Rxc6 37. Nf2 ({Worse is} 37. b3 Ne3+ 38. Kd2
Rc2+ 39. Kd3 e4+ {and Black wins.}) 37... Nxa3+ ({Very much unclear is} 37...
Ne3+ 38. Kb1 Rc2 39. Nd3 Rxh2 40. Nc5 $1) 38. Kd1 Nc4 39. b3 Ne3+ 40. Ke2 Rc2+
41. Kf3 {After reaching time control and giving the position some thought I
came to the conclusion that Black should win if he can maintain a healthy pair
of connected passed pawns.} Ng4 $1 ({Simplification looks like Black's most
practical approach to the position, although Fritz has a strong preference for
} 41... Nf1 42. Rxe5 Nxh2+ 43. Kg3 (43. Kg2 $4 Rxf2+) 43... Nf1+ 44. Kf3 Nd2+
45. Kf4 Nxb3 46. Rxe7+ Kxg6 {which should also win. To me, however, Black's
disconnected pawns look less imposing.}) 42. Nxg4 hxg4+ 43. Rxg4 ({Naturally
trading rooks with} 43. Kxg4 Rg2+ {is immediately fatal. Here I had a rather
long think, oscillating between taking the h/pawn or the b/pawn.}) 43... Rxh2
$1 ({I was worried that the quick advance of White's h/pawn with h4-h5-h6
could become a source of counterplay, and quite rightly so after} 43... Rc3+ $2
44. Kg2 $1 ({the retreat covers the h/file in case Black wants to stop the h/
pawn from behind. Black does win after} 44. Ke4 $2 Re3+ 45. Kf5 d3 46. Rg1 d2
47. Rd1 Re2 {followed by ...e4-e3 and ...Re1}) 44... Rxb3 45. h4 Rb8 46. Rg5 e4
47. Re5 d3 48. Rxe7+ Kxg6 49. Rxe4 {and White draws.}) 44. b4 Rb2 45. Re4 Rb3+
{Chasing the king further east} ({A little more difficult for Black is} 45...
Kxg6 46. Rxe5 Kf6 47. Rh5 e5 48. Ke4 Re2+ 49. Kd3 Re3+ 50. Kc4) 46. Kg4 Kxg6
47. Rxe5 Kf6 48. Rh5 $1 ({Pascal sets up a clever trap, and momentarily makes
me regret the check on move 45. However, we have already seen why the
immediate 45...Kxg6 is not clearly better. White fails to put up any
resistance in the line} 48. Rb5 Rb1 49. Kf3 e5 50. Ke4 Re1+) 48... e5 ({After} 
48... Rxb4 49. Kf4 {Black cannot easily get his pawns connected and mobilized,
since} e5+ 50. Ke4 {apparently leads to a theoretically drawn position.}) 49.
Rh6+ Ke7 50. Kf5 {White's defensive plan is to tie his opponent's rook to the
defense of pawn/e5, which in turn lets his own b/pawn run free.} Re3 51. b5 d3
52. b6 Kd7 $1 ({Fortunately Black does not miss that} 52... d2 $2 53. b7 d1=Q
$4 ({White still steals a draw with} 53... Rb3 54. Rh1 $1 Rxb7 55. Kxe5) ({or} 
53... Rf3+ 54. Kxe5 Re3+ 55. Kf5) 54. Rh7+ {wins for White!}) 53. Rh7+ Kc8 54.
b7+ Kb8 55. Rd7 e4 56. Ke5 Re2 $6 ({Black has a shorter and infinitely more
beautiful win with the Zugzwang maneuver} 56... Re1 $1 57. Kf4 Re2 $3 58. Ke5
d2) 57. Kd5 $1 Ka7 $1 ({White's last move sent chills down my spine, as White
now threatens to force a perpetual check by Black's rook after his king
reaches square/c6. A sample line goes} 57... d2 $4 58. Kc6 d1=Q 59. Rxd1 Rc2+ {
with a draw.}) 58. Kc5 Rb2 ({Stronger is} 58... Re1 $1) 59. Kd4 Rxb7 60. Rd8
Re7 61. Ke3 {It seems that White has established a perfect blockade, but it is
not so. White's rook cannot stay behind the d/pawn forever, and at the right
moment Black will sacrifice pawn/e4 to ensure the other pawn's decisive
advance.} Kb6 62. Rd5 Kc6 63. Ra5 ({Black also breaks through after} 63. Rd8
Rd7 64. Rc8+ Kd5 65. Ra8 Kc4 66. Rc8+ Kb3 67. Rb8+ Kc2 68. Rc8+ Kd1) 63... Rd7
$1 64. Ra1 Kc5 65. Kd2 Kd4 66. Ra4+ Ke5 67. Ra1 Rh7 0-1

[Event "RUS-Cup01 Chigorin Memorial"]
[Site "St Petersburg"]
[Date "1997.11.09"]
[Round "9"]
[White "Zaitsev, Igor A"]
[Black "Gubanov, Anton"]
[Result "1-0"]
[WhiteElo "2475"]
[BlackElo "2380"]
[Annotator "Hecht,H"]
[PlyCount "120"]
[EventDate "1997.11.01"]
[EventType "swiss"]
[EventRounds "9"]
[EventCountry "RUS"]
[SourceTitle "CBM 062"]
[Source "ChessBase"]
[SourceDate "1998.01.31"]
[SourceVersion "1"]
[SourceVersionDate "1998.01.31"]
[SourceQuality "1"]

1. e4 d6 2. d4 Nf6 3. Nc3 g6 4. Nf3 Bg7 5. Be2 O-O 6. O-O Bg4 7. e5 Nfd7 8. Be3
dxe5 9. Nxe5 Nxe5 10. Bxg4 Nxg4 11. Qxg4 Nd7 12. Rad1 c6 13. d5 Nf6 14. Qc4
cxd5 15. Nxd5 Nxd5 16. Rxd5 Qc8 17. Qxc8 Rfxc8 18. c3 Kf8 19. Rfd1 Ke8 20. Kf1
b6 21. a4 e6 22. Rd7 Rd8 23. Rxd8+ Rxd8 24. Ra1 Rb8 25. Ke2 Be5 26. f4 Bc7 27.
g3 Kd7 28. c4 Bd6 29. Bd4 Kc6 30. a5 Bc5 31. Be5 Bd6 32. axb6 axb6 33. b4 Bxe5
34. fxe5 {[#] Die teilblockierten im 48.Zuge entstehenden Freibauern werden im
56.Zug in einen von hinten gedeckten Einzel-Freibauern gewinnbringend
umgewandelt.} b5 35. Ra6+ Kc7 36. c5 Kb7 37. Rd6 (37. Rb6+ Kc7 38. Rxb8 Kxb8
39. h4 h6 $11 {Festung!}) 37... Kc7 38. Ra6 Rd8 39. Ra7+ Kc6 40. Ra6+ Kc7 41.
Ra7+ Kc6 42. Rxf7 g5 43. Re7 Kd5 44. Kd3 Kxe5+ 45. Kc3 Rf8 46. Rb7 Rf3+ 47. Kd2
Kd4 48. Rxb5 Rf2+ 49. Ke1 Rc2 50. Kd1 Kd3 51. Ra5 Rc4 52. Ra3+ Kd4 53. Rb3 Kd5
54. Kd2 e5 55. h3 h6 56. b5 $1 Rxc5 57. b6 Rc8 58. b7 Rb8 59. Ke3 Kc6 60. Ke4
Kc7 1-0

[Event "Czerniak Memorial 15th"]
[Site "Tel Aviv"]
[Date "1999.04.03"]
[Round "4"]
[White "Lutz, Christopher"]
[Black "Kantsler, Boris"]
[Result "1/2-1/2"]
[WhiteElo "2610"]
[BlackElo "2539"]
[Annotator "Hecht,H"]
[PlyCount "103"]
[EventDate "1999.03.??"]
[EventType "tourn"]
[EventRounds "9"]
[EventCountry "ISR"]
[EventCategory "10"]
[SourceTitle "CBM 071"]
[Source "ChessBase"]
[SourceDate "1999.08.01"]
[SourceVersion "1"]
[SourceVersionDate "1999.08.01"]
[SourceQuality "1"]

1. e4 g6 2. d4 Bg7 3. Nf3 d6 4. Be2 Nf6 5. Nc3 O-O 6. O-O c6 7. a4 Qa5 8. Be3
Nbd7 9. Nd2 Qc7 10. f4 b6 11. e5 Nd5 12. Nxd5 cxd5 13. Bd3 dxe5 14. fxe5 f6 15.
e6 Nb8 16. Bf4 Qc6 17. Re1 Bxe6 18. Qe2 Bf7 19. Qxe7 Qc8 20. Qc7 Qxc7 21. Bxc7
Nc6 22. c3 Rfc8 23. Bf4 a6 24. Nb3 a5 25. Bb5 Ra7 26. Re2 g5 27. Bd6 Rd7 28.
Ba3 Bf8 29. Bxf8 Kxf8 30. Rf1 Rd6 31. Nd2 Rc7 32. Rfe1 Re7 33. Nf1 Rxe2 34.
Rxe2 Ne7 35. Ne3 Be6 36. Kf2 Kf7 37. Ke1 h5 38. g3 Rd8 39. Kd2 Rh8 40. b3 h4
41. c4 hxg3 42. hxg3 Rh3 43. cxd5 Nxd5 44. Bc4 Nxe3 45. Rxe3 Bxc4 46. bxc4 Rh2+
47. Re2 Rxe2+ 48. Kxe2 {[#] Verteilte Bauernmehrheiten. Thema: Zugeordnete
Felder} f5 49. d5 Ke7 50. Ke3 Kd7 (50... Kd6 $2 51. Kd4 g4 (51... f4 52. gxf4
gxf4 53. Ke4 f3 54. Kxf3 b5 55. cxb5 (55. axb5 a4 56. b6 a3 57. c5+ Kxc5 58. b7
a2 59. b8=Q a1=Q $11) 55... Kxd5 56. Ke2 Ke6 57. Kd2 Kd6 58. Kc2 Kd5 59. Kd3
Ke5 60. Kc4 Kd6 61. Kd4 Kc7 62. Kd5 (62. Kc5 Kb7 63. b6 Ka6 $11) 62... Kb6 63.
Kd6 Kb7 64. Kc5 Kc7 65. b6+ $18) 52. Kd3 Ke5 53. Ke3 Kf6 (53... b5 54. cxb5
Kxd5 55. Kf4 Ke6 56. b6 Kd6 57. Kxf5 Kc6 58. Kxg4 Kxb6 59. Kf5 $18) 54. Kf4 Kg6
55. Ke5 $18) 51. Kd3 Ke7 52. Ke3 1/2-1/2

[Event "GER-ch 70th"]
[Site "Bremen"]
[Date "1998.11.12"]
[Round "7"]
[White "Heinemann, Thies"]
[Black "Lobron, Eric"]
[Result "1/2-1/2"]
[WhiteElo "2495"]
[BlackElo "2540"]
[Annotator "Hecht,H"]
[PlyCount "140"]
[EventDate "1998.11.06"]
[EventType "swiss"]
[EventRounds "9"]
[EventCountry "GER"]
[SourceTitle "CBM 068"]
[Source "ChessBase"]
[SourceDate "1999.02.01"]
[SourceVersion "1"]
[SourceVersionDate "1999.02.01"]
[SourceQuality "1"]

1. e4 g6 2. d4 Bg7 3. Nc3 d6 4. Nf3 Nf6 5. Be2 O-O 6. O-O c5 7. dxc5 dxc5 8.
Qxd8 Rxd8 9. Be3 b6 10. Rfd1 Nc6 11. Rxd8+ Nxd8 12. Nd2 Bb7 13. f3 Nc6 14. a4
Nd7 15. Rc1 Rc8 16. Nd1 Na5 17. Nc4 Nxc4 18. Bxc4 Ne5 19. Be2 Nc6 20. c3 Kf8
21. Bb5 h5 22. Nf2 Na5 23. Rd1 a6 24. Be2 Ke8 25. b4 cxb4 26. cxb4 Nc4 27. Bxc4
Rxc4 28. Bxb6 f5 29. exf5 gxf5 30. Rd8+ Kf7 31. Nd3 h4 32. Rd7 Bc8 33. Rc7 Bd4+
34. Kf1 Rxc7 35. Bxc7 Bd7 36. Be5 Ba7 37. a5 Bb5 38. Ke2 Bg1 39. h3 Ke6 40. Bc3
Kd5 41. Kd2 Bh2 42. Ke3 e5 43. Be1 Bg1+ 44. Kd2 Kd4 45. Nc5 Be3+ 46. Kc2 Bf1
47. Bxh4 Bxg2 48. Nxa6 Bxf3 49. Nc5 Kc4 50. Bf6 e4 51. a6 Bf2 52. Nd7 Be2 53.
Kd2 Bf1 54. Bg5 Kxb4 55. Be3 Bxe3+ 56. Kxe3 Bxa6 57. h4 Kc3 58. Ne5 Bd3 59. h5
f4+ 60. Kxf4 Kd2 61. Ng4 Be2 62. h6 Bxg4 63. h7 e3 64. h8=Q e2 {[#] Da der 
(ungedeckte) Läufer den Be2 deckt, gelingt es Weiß nicht, den schwarzen König
vor den Bauern zu zwingen.} 65. Qd4+ Kc1 66. Qg1+ Kd2 67. Qg2 Kc1 $1 {Nach Df2
ginge der König nach d1 - nicht aber nach dem Textzug. Achtung also!} (67...
Kd1 $2 68. Qxg4 $19) 68. Qf2 Kd1 69. Kxg4 e1=Q 70. Qxe1+ Kxe1 1/2-1/2

[Event "Alushta3"]
[Site "Alushta"]
[Date "1994.??.??"]
[Round "1"]
[White "Savon, Vladimir A"]
[Black "Korotylev, Alexey"]
[Result "1-0"]
[WhiteElo "2435"]
[BlackElo "2415"]
[Annotator "Hecht,H"]
[PlyCount "77"]
[EventDate "1994.??.??"]
[EventType "tourn"]
[EventRounds "11"]
[EventCountry "UKR"]
[EventCategory "8"]
[SourceTitle "CBM 041"]
[Source "ChessBase"]
[SourceDate "1994.08.01"]
[SourceVersion "1"]
[SourceVersionDate "1994.08.01"]
[SourceQuality "1"]

1. d4 g6 2. e4 Bg7 3. Nf3 d6 4. Be2 Nf6 5. Nc3 O-O 6. O-O c6 7. Re1 Nbd7 8. a4
e5 9. a5 exd4 10. Nxd4 Re8 11. f3 Nc5 12. Be3 Nd5 13. Nxd5 cxd5 14. Bb5 Re5 15.
exd5 Rxd5 16. Bc4 Rh5 17. Bf4 Be5 18. Nc6 Qh4 19. Bxe5 dxe5 20. Qd8+ Kg7 21.
Qxh4 Rxh4 22. Nxe5 f6 23. Ng4 Bxg4 24. g3 Be6 25. Bxe6 Rb4 26. b3 Nxe6 27. Rxe6
Rc8 28. Ra2 a6 29. Re7+ Kh6 30. h4 Rc3 31. Kf2 g5 32. hxg5+ fxg5 33. Re3 Rxe3
34. Kxe3 Kg6 35. g4 h5 36. gxh5+ Kxh5 37. Ra3 Kg6 $2 (37... Rb5 38. c4 $16) 38.
c4 Kf5 (38... b5 39. axb6 Rxb6 40. Kd4 $18) 39. Kd4 (39. Kd4 b6 40. Kc3 bxa5
41. Rxa5+ $18) 1-0

[Event "St Petersburg-ch"]
[Site "St Petersburg"]
[Date "1997.03.09"]
[Round "5"]
[White "Grishanovich, Stanislav"]
[Black "Gubanov, Anton"]
[Result "0-1"]
[WhiteElo "2335"]
[BlackElo "2370"]
[Annotator "Hecht,H"]
[PlyCount "120"]
[EventDate "1997.03.04"]
[EventType "swiss"]
[EventRounds "9"]
[EventCountry "RUS"]
[SourceTitle "CBM 058"]
[Source "ChessBase"]
[SourceDate "1997.06.01"]
[SourceVersion "1"]
[SourceVersionDate "1997.06.01"]
[SourceQuality "1"]

1. e4 d6 2. d4 Nf6 3. Nc3 g6 4. Nf3 Bg7 5. h3 c6 6. a4 O-O 7. Be3 d5 8. e5 Ne4
9. Nxe4 dxe4 10. Nd2 c5 11. Nxe4 cxd4 12. Qxd4 Qxd4 13. Bxd4 Bf5 14. Nc5 Nc6
15. Bc3 Bxe5 16. Bxe5 Nxe5 17. Nd3 Nxd3+ 18. Bxd3 Bxd3 19. cxd3 Rfd8 20. Kd2
Rd4 21. Rhc1 Rad8 22. Rc3 R8d7 23. Raa3 e5 24. f3 Kg7 25. Ke3 Rb4 26. b3 Rbd4
27. Ra2 f5 28. Rd2 h5 29. g3 Kf6 30. Rc5 e4 31. fxe4 fxe4 32. Rc3 Ke6 33. Rd1
b6 34. h4 R7d6 35. Rd2 a6 36. Rd1 b5 37. axb5 axb5 38. Rc5 Rxd3+ 39. Rxd3 Rxd3+
40. Kxe4 Rxg3 41. Rxb5 Rg4+ 42. Kf3 Rxh4 {[#] Theoretische Gewinnstellung für
Schwarz, dessen Steine gut zusammenarbeiten. Der weiße Freibauer kann vom
schwarzen Turm gut kontrolliert werden. Bleibt der weiße König am Königsflügel,
gibt es Mattangriff bzw. der b-Bauer geht verloren, geht er zum damenflügel,
laufen die schwarzen Freibauern durch. Klare und relativ einfache Technik!} 43.
Rb6+ Kf5 44. Rb5+ Kf6 45. Rb6+ Kg5 46. Rb5+ Kh6 47. Kg3 (47. Rb8 Rh1 48. b4 Rb1
49. b5 Kg5 (49... Rb4 50. b6 h4 51. b7 Kg5 52. Kg2 Rb3 53. Kh2 $11 Kg4 54. Rg8)
50. b6 (50. Ke4 Kg4 51. Kd5 g5 52. Kc6 h4 53. b6 h3 $19 {siehe Partie}) 50...
Kh4 51. b7 g5 52. Kg2 g4 53. Kh2 Rb2+ 54. Kg1 Kg3 $19) 47... Rd4 48. Kf3 h4 49.
Rb8 Kh5 50. b4 Rd3+ 51. Ke4 Rb3 52. b5 Kg4 53. b6 h3 54. b7 g5 55. Kd5 h2 56.
Rh8 Kg3 57. Kc6 g4 58. Rh5 Rxb7 59. Kxb7 Kg2 60. Rh4 h1=Q (60... g3) (60...
h1=Q 61. Rxg4+ Kh3+ {mit T-Gewinn}) 0-1